000 01372nam a2200349Ia 4500
001 ebr10131594
003 CaPaEBR
006 m u
007 cr cn|||||||||
008 040115s2004 enk sb 001 0 eng d
010 _z 2004040402
020 _z0511211341
020 _z0521837758 (hardback)
020 _z052154677X (pbk.)
040 _aCaPaEBR
_cCaPaEBR
035 _a(OCoLC)144618405
050 1 4 _aQA295
_b.S78 2004eb
082 0 4 _a512.9/7
_222
100 1 _aSteele, J. Michael.
245 1 4 _aThe Cauchy-Schwarz master class
_h[electronic resource] :
_ban introduction to the art of mathematical inequalities /
_cJ. Michael Steele.
260 _aCambridge, UK ;
_aNew York :
_bCambridge University Press,
_c2004.
300 _ax, 306 p.
490 1 _aMAA problem books series
504 _aIncludes bibliographical references (p. 292-301) and index.
533 _aElectronic reproduction.
_bPalo Alto, Calif. :
_cebrary,
_d2009.
_nAvailable via World Wide Web.
_nAccess may be limited to ebrary affiliated libraries.
650 0 _aInequalities (Mathematics)
650 0 _aProcesses, Infinite.
655 7 _aElectronic books.
_2local
710 2 _aebrary, Inc.
830 0 _aMAA problem books series.
856 4 0 _uhttp://site.ebrary.com/lib/rucke/Doc?id=10131594
_zAn electronic book accessible through the World Wide Web; click to view
999 _c80000
_d80000